[Event " finale Omniums -14 ans"]
[Site "Maisons Alfort"]
[Date "2019.06.10"]
[Round "2.2"]
[White "Ye, Axel"]
[Black "Pauvert, Julien"]
[Result "0-1"]
[WhiteElo "1199"]
[BlackElo "1260"]
[PlyCount "148"]
[EventDate "2019.??.??"]
[EventType "tourn"]
[SourceVersionDate "2019.06.11"]
[WhiteTeam "MGE 2"]
[BlackTeam "MGE 1"]

1. e4 d5 2. Nc3 Nf6 3. Bb5+ c6 4. Bd3 e5 5. Nf3 Bg4 6. O-O Bc5 7. a3 Nbd7 8. b4
Bb6 9. h3 Be6 10. Ng5 Qe7 11. Qf3 h6 12. Nxe6 Qxe6 13. Be2 O-O 14. d3 Rac8 15.
Qg3 Kh7 16. Bg4 Nxg4 17. hxg4 Qg6 18. Qh3 Bd8 19. exd5 cxd5 20. Nxd5 Rxc2 21.
Rd1 f5 22. Ne3 Rc6 23. Nxf5 Bg5 24. Be3 Bxe3 25. fxe3 Qg5 26. d4 g6 27. Ng3
Qxe3+ 28. Kh2 Rc3 29. dxe5 Nxe5 30. Re1 Qf4 31. Rf1 Nxg4+ 32. Kh1 Nf2+ 33. Rxf2
Qxf2 34. Qd7+ Qf7 35. Rd1 Rxg3 36. a4 Kg8 37. Qxf7+ Rxf7 38. Kh2 Rb3 39. b5 Ra3
40. Rd4 b6 41. g3 Rf2+ 42. Kh3 Rfa2 43. Rd8+ Kf7 44. Rd7+ Ke6 45. Rxa7 Rxa4 46.
Rb7 Rd4 47. Rxb6+ Rd6 48. Rb8 Rb2 49. Rb7 Rb4 50. Rb8 Kf5 51. Rh8 h5 52. Rh6
Rxb5 53. Rh8 Rb3 54. Rf8+ Rf6 55. Rh8 Kg5 56. Rh7 Rff3 57. Re7 Rxg3+ 58. Kh2 h4
59. Re5+ Kh6 60. Re2 Kh5 61. Rd2 g5 62. Re2 h3 63. Re1 Rg2+ 64. Kh1 Rbb2 65.
Rc1 h2 66. Rc2 Rb1+ 67. Kxg2 h1=Q+ 68. Kf2 Qh2+ 69. Ke3 Qxc2 70. Kd4 Qe2 71.
Kd5 Rd1+ 72. Kc5 Qc2+ 73. Kb4 Rb1+ 74. Ka3 Qb3# 0-1

[Event " finale Omniums -14 ans"]
[Site "Maisons Alfort"]
[Date "2019.06.10"]
[Round "2.3"]
[White "Faurie, Louis"]
[Black "Masquelier, Peyo"]
[Result "0-1"]
[WhiteElo "1150"]
[BlackElo "1150"]
[PlyCount "116"]
[EventDate "2019.??.??"]
[EventType "tourn"]
[SourceVersionDate "2019.06.11"]
[WhiteTeam "MGE 2"]
[BlackTeam "MGE 1"]

1. f4 e6 2. e3 d5 3. b3 Nf6 4. Bb2 Be7 5. Nf3 Nc6 6. Bd3 O-O 7. O-O b6 8. Nc3
Bb7 9. Ne2 Qd7 10. Ng3 Bc5 11. Ne5 Nxe5 12. Bxe5 Ne4 13. Bxe4 dxe4 14. Qg4 g6
15. Qh4 f6 16. Bxf6 Qf7 17. Nxe4 Bxe4 18. f5 Qxf6 19. Qxf6 Rxf6 20. fxe6 Rxe6
21. Rf2 Rf8 22. Rc1 Rxf2 23. Kxf2 Ba3 24. Rf1 Bxc2 25. d4 Rf6+ 26. Ke1 Rxf1+
27. Kxf1 c5 28. dxc5 Bxc5 29. Ke2 Bb1 30. Kd2 Bxa2 31. Kc3 Bxb3 32. Kxb3 Bxe3
33. Kb4 Kf7 34. Kb5 Kf6 35. Ka6 h5 36. h3 Kf5 37. g3 g5 38. Kb5 g4 39. hxg4+
Kxg4 40. Kc4 Kxg3 41. Kd3 Kg2 42. Kxe3 h4 43. Kf4 h3 44. Kg4 h2 45. Kh4 h1=Q+
46. Kg4 Kf2 47. Kg5 Qf3 48. Kh4 Qg2 49. Kh5 Qg3 50. Kh6 Qg4 51. Kh7 Qg5 52. Kh8
Kf3 53. Kh7 a5 54. Kh8 a4 55. Kh7 a3 56. Kh8 a2 57. Kh7 a1=R 58. Kh8 Rh1# 0-1

[Event " finale Omniums -14 ans"]
[Site "Maisons Alfort"]
[Date "2019.06.10"]
[Round "2.4"]
[White "Allaire, Tom"]
[Black "Wernain, Gregoire"]
[Result "0-1"]
[WhiteElo "1080"]
[BlackElo "1085"]
[PlyCount "32"]
[EventDate "2019.??.??"]
[EventType "tourn"]
[SourceVersionDate "2019.06.11"]
[WhiteTeam "MGE 2"]
[BlackTeam "MGE 1"]

1. e4 e5 2. Nf3 Nc6 3. Nc3 Nf6 4. Bb5 Be7 5. O-O O-O 6. d3 d6 7. Bg5 Bg4 8. h3
Bh5 9. Nd5 Nxd5 10. exd5 Nd4 11. Bxe7 Qxe7 12. Bc4 Nxf3+ 13. gxf3 Qh4 14. Re1
Qxh3 15. Qe2 Bxf3 16. Qf1 Qh1# 0-1